01478 2200241 4500001002100000005001500021035002000036008004100056020001500097041000800112082001500120084002100135100002500156245009800181260005900279300002800338500002300366504001500389520074300404650003001147650003401177990002501211INLIS00000000000319820221019083911 a0010-0520003198221019 | | eng  a0804734577 aeng a306.209 52 a306.209 52 SCH s0 aSchlesinger, Jacob M1 aShadow Shoguns : the Rise and Fall of Japan Postwar Polotical Machine /cJacob M. Schlesinger aStanford California :bBerret Koehler Publisher,c1999 a366 p. ; 23 cm ;c23 cm aIndeks : p 351-366 ap. 337-346 aThis is the story of Japan Inc as political machine. It chronicles the political culture of nation obsessed with economi advancement and the distortions to democracy and capitalism that accompanied what the world called Japans's "miracle". It is about the ambitions of colorful, dominerering politicians-the dynasty of machine bosses known as "shadow shogun"who skillfully rigged the seemingly faceless system for their own gain. It is a very human story, spanning three political generations. This book argues that the past was not so neatly crafted as it had appeared and that the old order cannot be put back together again. The starting premise is that the japanese system was never so superhuman nor so mysterious as it had appeared. 4aPolitical culture - Japan 4aPollitical Corruption - Japan a09617/MKRI-P/XI-2008